000
00298nam a22001457a 4500
003
SGT
020
_a
9780198082873
082
_a
005.7,WIC
100
_a
WICKHAM HODLEY
245
_a
R FOR DATA SCIENCE
250
_a
2ND
260
_a
TOKYO, OREILLY
_c
2023
300
_a
550
942
_2
ddc
_c
BK
_0
2
999
_c
28161
_d
28161